| 000 | 00411cam a2200157ua 4500 | ||
|---|---|---|---|
| 041 |
_aeng _h |
||
| 082 |
_a338.9 _bNEW/DE |
||
| 100 | _aNewman, Philip charles . | ||
| 245 |
_aDevelopment of economic thought / _cPhilip charles Newman. _hTextual Documents |
||
| 250 |
_a1 / _b. |
||
| 260 |
_aNew Jersey : _bPrentice Hall Inc , _c1962. |
||
| 300 | _a455 ; . | ||
| 504 | _a | ||
| 942 | _cBK | ||
| 999 |
_c2115 _d2115 |
||